Normal view
MARC view
- هريدي، فرغلي علي تسن
Entry Personal Name
001 - CONTROL NUMBER
- control field: 61866
003 - CONTROL NUMBER IDENTIFIER
- control field: JO-AjAnu
005 - DATE AND TIME OF LATEST TRANSACTION
- control field: 20230606084115.0
008 - FIXED-LENGTH DATA ELEMENTS
- fixed length control field: 230606|| aca||aabn | a|a d
040 ## - CATALOGING SOURCE
- Original cataloging agency: JO-AjAnu
- Transcribing agency: JO-AjAnu
100 ## - HEADING--PERSONAL NAME
- Personal name: هريدي، فرغلي علي تسن
670 ## - SOURCE DATA FOUND
- Source citation: Work cat.: (JO-AjAnu)31554: هريدي، فرغلي علي تسن , author, تاريخ افريقيا الحديث والمعاصر: الكشوف-الاستعمار- الاستقلال